UM Logo

Calculus: (Record no. 8420)

MARC details
000 -LEADER
fixed length control field 00615nam a2200181 4500
008 - FIXED-LENGTH DATA ELEMENTS--GENERAL INFORMATION
fixed length control field 180205b xxu||||| |||| 00| 0 eng d
020 ## - INTERNATIONAL STANDARD BOOK NUMBER
International Standard Book Number 971-08-4608-6
082 ## - DEWEY DECIMAL CLASSIFICATION NUMBER
Edition number 1989
Classification number DC 515
Item number H67
100 ## - MAIN ENTRY--PERSONAL NAME
9 (RLIN) 26080
Personal name Hoffman, Laurence d.
245 ## - TITLE STATEMENT
Title Calculus:
Remainder of title for business, economics, and the social and life sciences/
Statement of responsibility, etc. Laurence D. Hoffman and Gerald L. Bradley.
250 ## - EDITION STATEMENT
Edition statement Fourth Edition
260 ## - PUBLICATION, DISTRIBUTION, ETC. (IMPRINT)
Place of publication, distribution, etc. New York:
Name of publisher, distributor, etc. McGraw-Hill Book Company,
Date of publication, distribution, etc. © 1989.
300 ## - PHYSICAL DESCRIPTION
Extent xiv,748 pages;
Dimensions 25 cm.
521 ## - TARGET AUDIENCE NOTE
Target audience note Includes index.
650 #0 - SUBJECT ADDED ENTRY--TOPICAL TERM
9 (RLIN) 26082
Topical term or geographic name as entry element Calculus
700 ## - ADDED ENTRY--PERSONAL NAME
9 (RLIN) 26083
Personal name Bradley, Gerald L.
Relator term author
942 ## - ADDED ENTRY ELEMENTS (KOHA)
Source of classification or shelving scheme Dewey Decimal Classification
Koha item type Circulation
Holdings
Withdrawn status Lost status Source of classification or shelving scheme Damaged status Not for loan Collection code Home library Current library Source of acquisition Total Checkouts Full call number Barcode Date last seen Copy number Price effective from Koha item type
    Dewey Decimal Classification     Circulation UM Digos College - LIC UM Digos College - LIC Purchased   DC 515 H67 1989 11320 05/15/2025 1 02/05/2018 Circulation